[Event "Hivernal"]
[Site "Sherbrooke CAN"]
[Date "2008.03.15"]
[Round "3"]
[White "Duclos, Alain"]
[Black "Viens, Nicolas"]
[Result "1-0"]
[WhiteElo "1760"]
[BlackElo "1411"]
[PlyCount "79"]
[GameId "2160767910413098"]
[EventDate "2008.03.14"]
[EventType "swiss"]
[EventRounds "5"]
[EventCountry "CAN"]
[SourceTitle "EXT 2011"]
[Source "ChessBase"]
[SourceDate "2011.11.26"]
[SourceVersion "1"]
[SourceVersionDate "2011.11.26"]
[SourceQuality "1"]

1. e4 e5 2. Nf3 d6 3. Bc4 Be7 4. c3 Nf6 5. d3 O-O 6. h3 Nc6 7. Bb3 b6 8. O-O Ba6 9. Re1 Rb8 10. a4 Bc8 11. Na3 h6 12. d4 Bd7 13. Nc4 Qc8 14. dxe5 dxe5 15. Nfxe5 Nxe5 16. Nxe5 Bd6 17. Nxd7 Qxd7 18. e5 Bxe5 19. Rxe5 Qc6 20. Bf4 Rbd8 21. Qe2 Rd7 22. a5 Rfd8 23. Ba4 Qb7 24. Bxd7 Rxd7 25. g4 Qc6 26. g5 hxg5 27. Bxg5 Rd6 28. axb6 cxb6 29. Bxf6 Rxf6 30. Qe4 Rg6+ 31. Kf1 Qd7 32. Qa8+ Kh7 33. Rh5+ Rh6 34. Rxh6+ Kxh6 35. Qf3 Qb5+ 36. Qe2 Qd5 37. Kg1 a5 38. Re1 g6 39. Qe5 Qd3 40. Qe3+ 1-0

[Event "Hivernal"]
[Site "Sherbrooke CAN"]
[Date "2008.03.15"]
[Round "3"]
[White "Echenberg, David"]
[Black "Belanger, Priscillia"]
[Result "1-0"]
[WhiteElo "1246"]
[BlackElo "1046"]
[PlyCount "57"]
[GameId "2160767910413099"]
[EventDate "2008.03.14"]
[EventType "swiss"]
[EventRounds "5"]
[EventCountry "CAN"]
[SourceTitle "EXT 2011"]
[Source "ChessBase"]
[SourceDate "2011.11.26"]
[SourceVersion "1"]
[SourceVersionDate "2011.11.26"]
[SourceQuality "1"]

1. d4 d5 2. c4 dxc4 3. Nf3 Nf6 4. Qa4+ Nc6 5. Nc3 e6 6. e4 Bd7 7. Qxc4 Nb4 8. Qb3 e5 9. Nxe5 Be6 10. d5 Bd7 11. Bg5 Bd6 12. Nxd7 Qxd7 13. a3 Na6 14. Bb5 c6 15. dxc6 bxc6 16. Bxa6 Be5 17. Rd1 Qg4 18. O-O Qxg5 19. Bb7 Qh5 20. Bxc6+ Ke7 21. Qb7+ Nd7 22. Rxd7+ Kf6 23. Nd5+ Kg6 24. f4 Bd4+ 25. Kh1 Rab8 26. Ne7+ Kh6 27. Nf5+ Kg6 28. Rd6+ f6 29. Qxg7# 1-0

[Event "Hivernal"]
[Site "Sherbrooke CAN"]
[Date "2008.03.15"]
[Round "3"]
[White "Leclerc, Luc-Olivier"]
[Black "Soskic, Milan"]
[Result "0-1"]
[WhiteElo "1049"]
[BlackElo "1357"]
[PlyCount "94"]
[GameId "2160767910413100"]
[EventDate "2008.03.14"]
[EventType "swiss"]
[EventRounds "5"]
[EventCountry "CAN"]
[SourceTitle "EXT 2011"]
[Source "ChessBase"]
[SourceDate "2011.11.26"]
[SourceVersion "1"]
[SourceVersionDate "2011.11.26"]
[SourceQuality "1"]

1. h4 e5 2. Nc3 Nf6 3. Nf3 Nc6 4. d3 d5 5. e3 Bg4 6. Be2 Bb4 7. Bd2 Qe7 8. Ng1 Be6 9. Nf3 Bg4 10. Nh2 Be6 11. Bg4 Nxg4 12. Nxg4 h5 13. Nh2 Qxh4 14. e4 d4 15. Ne2 Be7 16. Qc1 O-O-O 17. Ng3 g6 18. Nf3 Qf6 19. Bg5 Qg7 20. Qd2 f6 21. O-O-O fxg5 22. Nxg5 Bxg5 23. Qxg5 Qh6 24. Qxh6 Rxh6 25. Ne2 Rf8 26. f3 Rhh8 27. Kb1 Nb4 28. a3 Nc6 29. c3 Rd8 30. Kc2 Na5 31. Nc1 c5 32. c4 Nc6 33. Na2 b6 34. b4 Kc7 35. b5 Ne7 36. Ra1 Bc8 37. a4 Kb7 38. Rh2 Be6 39. Rd1 Nc8 40. Nc1 Ne7 41. Kb3 g5 42. Rdh1 h4 43. g3 Ng6 44. Ne2 Rdf8 45. Rf1 hxg3 46. Rxh8 Rxh8 47. Nxg3 Nf4 0-1

[Event "Hivernal"]
[Site "Sherbrooke CAN"]
[Date "2008.03.15"]
[Round "3"]
[White "Roussel, Alexandre"]
[Black "Doucet, Jean-Pascal"]
[Result "0-1"]
[WhiteElo "890"]
[BlackElo "983"]
[PlyCount "110"]
[GameId "2160767910413103"]
[EventDate "2008.03.14"]
[EventType "swiss"]
[EventRounds "5"]
[EventCountry "CAN"]
[SourceTitle "EXT 2011"]
[Source "ChessBase"]
[SourceDate "2011.11.26"]
[SourceVersion "1"]
[SourceVersionDate "2011.11.26"]
[SourceQuality "1"]

1. e4 e5 2. Nf3 Nc6 3. Bc4 Qe7 4. d3 Nf6 5. Be3 a6 6. Nc3 b5 7. Bd5 Bb7 8. a3 h6 9. Nh4 Nxd5 10. Nxd5 Qd8 11. Nf3 f6 12. d4 exd4 13. Nxd4 Ne7 14. Nf5 Bxd5 15. Nxe7 Qxe7 16. Qxd5 c6 17. Qh5+ Qf7 18. Qxf7+ Kxf7 19. a4 Rb8 20. Bf4 d6 21. axb5 axb5 22. Ra7+ Kg8 23. b3 g5 24. Bg3 Rd8 25. c4 bxc4 26. bxc4 h5 27. h3 h4 28. Bh2 c5 29. f4 Re8 30. O-O Rxe4 31. fxg5 fxg5 32. Ra8 Rh6 33. Raxf8+ Kg7 34. R1f7+ Kg6 35. Rf6+ Kh5 36. Rh8 Rxh8 37. g4+ hxg3 38. Bxg3 Rxc4 39. Bxd6 Rh4 40. Kh2 c4 41. Bg3 Re4 42. Rf5 c3 43. h4 Re2+ 44. Kh3 Rg8 45. Bf4 Rf2 46. Kg3 Rxf4 47. Rxf4 gxf4+ 48. Kxf4 c2 49. Ke4 c1=Q 50. Kd3 Re8 51. Kd4 Qd2+ 52. Kc5 Rc8+ 53. Kb6 Qb2+ 54. Ka7 Rb8 55. Ka6 Qb6# 0-1

[Event "Hivernal"]
[Site "Sherbrooke CAN"]
[Date "2008.03.15"]
[Round "3"]
[White "Valiquette, Simon"]
[Black "Mitrovic, Igor"]
[Result "1/2-1/2"]
[WhiteElo "1434"]
[BlackElo "1495"]
[PlyCount "106"]
[GameId "2160767910413104"]
[EventDate "2008.03.14"]
[EventType "swiss"]
[EventRounds "5"]
[EventCountry "CAN"]
[SourceTitle "EXT 2011"]
[Source "ChessBase"]
[SourceDate "2011.11.26"]
[SourceVersion "1"]
[SourceVersionDate "2011.11.26"]
[SourceQuality "1"]

1. c4 e5 2. Nc3 Nf6 3. Nf3 Nc6 4. g3 Bc5 5. Bg2 O-O 6. O-O d6 7. a3 a6 8. b4 Ba7 9. Qc2 Nd4 10. Nxd4 Bxd4 11. e3 Ba7 12. Bb2 c6 13. f4 Be6 14. Ne4 Nxe4 15. Bxe4 f5 16. Bd3 e4 17. Qc3 Qf6 18. Qxf6 gxf6 19. Be2 Kf7 20. Kf2 Rh8 21. Bh5+ Ke7 22. Rac1 Bf7 23. Be2 h5 24. h4 Rhg8 25. Rg1 Rad8 26. Bd4 c5 27. bxc5 dxc5 28. Bc3 Rd7 29. Rb1 Rgd8 30. Rb2 b6 31. a4 a5 32. Rd1 Rd6 33. Rb3 Be8 34. Ra3 Bf7 35. Ke1 Rg8 36. Kf2 Rgd8 37. Ra2 Bb8 38. Rc2 Ba7 39. Bb2 Be8 40. Ra1 Rxd2 41. Rxd2 Rxd2 42. Ra2 Rd6 43. Bc3 Bf7 44. Rd2 Bb8 45. Ke1 Bc7 46. Bf1 Bd8 47. Bxf6+ Rxf6 48. Be2 Be8 49. Bd1 Ke6 50. Rxd8 Ke7 51. Rb8 Rd6 52. Rb7+ Kf6 53. Rh7 Bg6 1/2-1/2

[Event "Hivernal"]
[Site "Sherbrooke CAN"]
[Date "2008.03.16"]
[Round "4"]
[White "Belanger, Priscillia"]
[Black "Pilotte, Benoit"]
[Result "0-1"]
[WhiteElo "1046"]
[BlackElo "1799"]
[PlyCount "76"]
[GameId "2160767910413105"]
[EventDate "2008.03.14"]
[EventType "swiss"]
[EventRounds "5"]
[EventCountry "CAN"]
[SourceTitle "EXT 2011"]
[Source "ChessBase"]
[SourceDate "2011.11.26"]
[SourceVersion "1"]
[SourceVersionDate "2011.11.26"]
[SourceQuality "1"]

1. e4 c5 2. Nf3 d6 3. Bb5+ Bd7 4. Bxd7+ Qxd7 5. Nc3 Nc6 6. d4 cxd4 7. Nxd4 Nf6 8. O-O g6 9. Re1 Bg7 10. Nxc6 Qxc6 11. a3 O-O 12. Nd5 Nxd5 13. Qxd5 Rac8 14. Qxc6 Rxc6 15. c3 Rfc8 16. h3 Rc4 17. f3 b5 18. Kf2 a5 19. g3 Kf8 20. Rb1 b4 21. axb4 axb4 22. cxb4 Rxb4 23. Re2 Rb3 24. g4 Bd4+ 25. Kg2 Ke8 26. h4 h5 27. g5 e5 28. f4 Rd3 29. fxe5 dxe5 30. b4 Rd1 31. Ra2 Rg1+ 32. Kf3 Rc3+ 33. Ke2 Rg2+ 34. Kd1 Rxa2 35. b5 Rh3 36. Bd2 Rd3 37. Ke1 Rdxd2 38. Rb3 Rh2 0-1

[Event "Hivernal"]
[Site "Sherbrooke CAN"]
[Date "2008.03.16"]
[Round "4"]
[White "Doucet, Jean-Pascal"]
[Black "Lepage Lepitre, Etienne"]
[Result "1-0"]
[WhiteElo "983"]
[BlackElo "1027"]
[PlyCount "96"]
[GameId "2160767910413106"]
[EventDate "2008.03.14"]
[EventType "swiss"]
[EventRounds "5"]
[EventCountry "CAN"]
[SourceTitle "EXT 2011"]
[Source "ChessBase"]
[SourceDate "2011.11.26"]
[SourceVersion "1"]
[SourceVersionDate "2011.11.26"]
[SourceQuality "1"]

1. e4 e5 2. Nf3 Nc6 3. Nc3 Nf6 4. Bc4 Bb4 5. Ng5 O-O 6. O-O Bxc3 7. dxc3 d5 8. exd5 Nxd5 9. Bxd5 h6 10. Bxc6 bxc6 11. Qxd8 Rxd8 12. Nf3 Ba6 13. Re1 e4 14. Nd2 Re8 15. Nxe4 f5 16. f3 fxe4 17. fxe4 c5 18. Bd2 Bb7 19. Rad1 Bxe4 20. Rc1 Bh7 21. Rxe8+ Rxe8 22. b4 cxb4 23. cxb4 Rb8 24. a3 Rd8 25. Be1 g5 26. c4 Bd3 27. Rd1 h5 28. Kf2 Rf8+ 29. Ke3 Bxc4 30. Rd4 Ba6 31. Rd5 Re8+ 32. Kd2 Kh7 33. Rxg5 Rd8+ 34. Kc2 Bd3+ 35. Kc3 Kh6 36. Rg3 Bg6 37. Bd2+ Kh7 38. h4 Rg8 39. Rf3 Be4 40. Rf7+ Kh8 41. Bg5 Rg7 42. Bf6 Kg8 43. Rxg7+ Kf8 44. Rxc7 Bxg2 45. Rxa7 Bd5 46. Rd7 Be6 47. Rc7 Bf7 48. b5 Kg8 1-0

[Event "Hivernal"]
[Site "Sherbrooke CAN"]
[Date "2008.03.16"]
[Round "4"]
[White "Leclerc, Luc-Olivier"]
[Black "Belanger, Christopher"]
[Result "0-1"]
[WhiteElo "1049"]
[BlackElo "1399"]
[PlyCount "63"]
[GameId "2160767910413107"]
[EventDate "2008.03.14"]
[EventType "swiss"]
[EventRounds "5"]
[EventCountry "CAN"]
[SourceTitle "EXT 2011"]
[Source "ChessBase"]
[SourceDate "2011.11.26"]
[SourceVersion "1"]
[SourceVersionDate "2011.11.26"]
[SourceQuality "1"]

1. e3 e5 2. e4 f5 3. Nc3 Bc5 4. Nf3 Nc6 5. Bb5 Nf6 6. Bxc6 dxc6 7. O-O Bd6 8. Re1 O-O 9. exf5 Bxf5 10. Nxe5 Re8 11. d4 Bxe5 12. dxe5 Qxd1 13. Nxd1 Rad8 14. Nc3 Ng4 15. Bg5 Rd7 16. Bf4 Rde7 17. f3 Nxe5 18. Kf2 Bxc2 19. Bxe5 Rxe5 20. Rxe5 Rxe5 21. Rc1 Bg6 22. Rd1 Re7 23. Rd8+ Kf7 24. Rd4 b5 25. Rf4+ Ke8 26. Ne2 c5 27. Nc3 c6 28. Ne4 Bxe4 29. fxe4 Rf7 30. Rxf7 Kxf7 31. Ke3 Kf6 32. Kf4 0-1

[Event "Hivernal"]
[Site "Sherbrooke CAN"]
[Date "2008.03.16"]
[Round "4"]
[White "Soskic, Milan"]
[Black "Allard dos Santos, Alexandre"]
[Result "0-1"]
[WhiteElo "1357"]
[BlackElo "1070"]
[PlyCount "150"]
[GameId "2160767910413109"]
[EventDate "2008.03.14"]
[EventType "swiss"]
[EventRounds "5"]
[EventCountry "CAN"]
[SourceTitle "EXT 2011"]
[Source "ChessBase"]
[SourceDate "2011.11.26"]
[SourceVersion "1"]
[SourceVersionDate "2011.11.26"]
[SourceQuality "1"]

1. d4 d5 2. Nf3 Nc6 3. e3 g6 4. b3 Bg7 5. Bb2 Bf5 6. a3 Bg4 7. Bb5 e6 8. Nbd2 Nge7 9. h3 Bxf3 10. Nxf3 O-O 11. O-O a6 12. Bd3 b5 13. Qe2 Qd6 14. Nh4 Na7 15. f4 Qd7 16. Nf3 c5 17. c3 c4 18. Bc2 Rab8 19. Ne5 Qc7 20. b4 Nac6 21. g4 f6 22. Nf3 Rfe8 23. h4 e5 24. h5 e4 25. Nh4 g5 26. Ng2 Rf8 27. f5 Qg3 28. Bc1 Kf7 29. Bd2 Ng8 30. Be1 Qh3 31. Bd1 Nh6 32. Qf2 Nxg4 33. Qg3 Qxg3 34. Bxg3 Nxe3 35. Nxe3 Rbd8 36. Kg2 Rd7 37. Rh1 Bh6 38. Ng4 Kg7 39. Kf2 Ra8 40. Ke3 a5 41. Bc2 axb4 42. axb4 Rda7 43. Rxa7+ Rxa7 44. Re1 Ra3 45. Bd6 Rxc3+ 46. Kd2 Rh3 47. Nxh6 Kxh6 48. Bf8+ Kxh5 49. Bd1+ Kh4 50. Bc5 g4 51. Rf1 Rh2+ 52. Ke3 h5 53. Be2 Kh3 54. Bxc4 bxc4 55. b5 Nd8 56. Be7 Nb7 57. Bxf6 g3 58. Be5 g2 59. Rg1 Rh1 60. Rxg2 Kxg2 61. f6 Rf1 62. Bf4 Nd6 63. b6 Nf7 64. b7 Rb1 65. b8=Q Rxb8 66. Bxb8 h4 67. Ke2 h3 68. Ke3 h2 69. Bxh2 Kxh2 70. Kf4 Kg2 71. Kf5 e3 72. Ke6 Nh6 73. Kxd5 e2 74. Kxc4 e1=Q 75. Kd5 Kf3 0-1

[Event "Hivernal"]
[Site "Sherbrooke CAN"]
[Date "2008.03.16"]
[Round "4"]
[White "Thomsen, Gunther"]
[Black "Roussel, Alexandre"]
[Result "0-1"]
[WhiteElo "1100"]
[BlackElo "890"]
[PlyCount "54"]
[GameId "2160767910413110"]
[EventDate "2008.03.14"]
[EventType "swiss"]
[EventRounds "5"]
[EventCountry "CAN"]
[SourceTitle "EXT 2011"]
[Source "ChessBase"]
[SourceDate "2011.11.26"]
[SourceVersion "1"]
[SourceVersionDate "2011.11.26"]
[SourceQuality "1"]

1. e4 e5 2. Bc4 Nf6 3. f3 Bc5 4. c3 Nc6 5. Ne2 O-O 6. d4 Bb6 7. Bg5 d6 8. Bb3 Ba5 9. Bh4 b6 10. O-O Ba6 11. Bf2 d5 12. Nd2 exd4 13. cxd4 Bxd2 14. Qxd2 dxe4 15. Bh4 Bxe2 16. Qxe2 Nxd4 17. Qxe4 Nxe4 18. Bxd8 Ne2+ 19. Kh1 Nd2 20. Rf2 Nxb3 21. axb3 Re8 22. Bxc7 Rac8 23. Re1 Rxc7 24. Rfxe2 Rxe2 25. Rd1 h6 26. h3 Rxb2 27. Rd8+ Kh7 0-1

[Event "Hivernal"]
[Site "Sherbrooke CAN"]
[Date "2008.03.16"]
[Round "4"]
[White "Valiquette, Simon"]
[Black "Duclos, Alain"]
[Result "1-0"]
[WhiteElo "1434"]
[BlackElo "1760"]
[PlyCount "103"]
[GameId "2160767910413111"]
[EventDate "2008.03.14"]
[EventType "swiss"]
[EventRounds "5"]
[EventCountry "CAN"]
[SourceTitle "EXT 2011"]
[Source "ChessBase"]
[SourceDate "2011.11.26"]
[SourceVersion "1"]
[SourceVersionDate "2011.11.26"]
[SourceQuality "1"]

1. c4 Nf6 2. Nc3 g6 3. g3 Bg7 4. Bg2 O-O 5. Nf3 d6 6. O-O Nbd7 7. d4 e5 8. dxe5 dxe5 9. Bg5 h6 10. Bxf6 Bxf6 11. Qd2 Bg7 12. Rad1 Re8 13. Nh4 c6 14. Ne4 Bf8 15. Bh3 Qc7 16. Bxd7 Rd8 17. Nf6+ Kg7 18. Ne8+ Rxe8 19. Bxe8 Bh3 20. Bxf7 Qxf7 21. Qc3 Bxf1 22. Qxe5+ Kh7 23. Kxf1 Bg7 24. Qe4 Bxb2 25. Rd6 Bf6 26. Qd3 Re8 27. Rd7 Re7 28. Rxe7 Bxe7 29. Qd7 b5 30. cxb5 cxb5 31. Qxa7 Kg7 32. Nf3 Qe6 33. Nd4 Qe4 34. f3 Qb1+ 35. Kf2 Kf6 36. Qb6+ Kf7 37. Qa7 Qh1 38. Ke3 Qxh2 39. Nc6 Qg1+ 40. Kd2 Qxa7 41. Nxa7 b4 42. Nc6 Bd6 43. Ke3 Ke6 44. Ke4 Bxg3 45. Nxb4 h5 46. f4 h4 47. Kf3 Be1 48. Nd3 Ba5 49. Kg4 Bd8 50. e4 Kd6 51. Ne5 Ke6 52. Nxg6 1-0

[Event "Hivernal"]
[Site "Sherbrooke CAN"]
[Date "2008.03.16"]
[Round "4"]
[White "Viens, Nicolas"]
[Black "Echenberg, David"]
[Result "0-1"]
[WhiteElo "1411"]
[BlackElo "1246"]
[PlyCount "80"]
[GameId "2160767910413112"]
[EventDate "2008.03.14"]
[EventType "swiss"]
[EventRounds "5"]
[EventCountry "CAN"]
[SourceTitle "EXT 2011"]
[Source "ChessBase"]
[SourceDate "2011.11.26"]
[SourceVersion "1"]
[SourceVersionDate "2011.11.26"]
[SourceQuality "1"]

1. c4 e5 2. Nc3 Nf6 3. e3 d5 4. cxd5 Nxd5 5. g3 Nxc3 6. bxc3 Qd5 7. Qf3 e4 8. Qd1 Nd7 9. Ne2 Ne5 10. Bg2 Nd3+ 11. Kf1 Qc6 12. Nf4 Nxf4 13. exf4 Be6 14. h3 Bc4+ 15. Kg1 Bd3 16. Kh2 h5 17. h4 f5 18. Re1 O-O-O 19. Re3 Bc5 20. Qb3 Bxe3 21. fxe3 Rd5 22. a4 Bc4 23. Qd1 Qa6 24. Rb1 Bd3 25. Rb2 g6 26. Kg1 Re8 27. Kf2 Re6 28. Qb3 Ra5 29. Qb4 c5 30. Qa3 Qc4 31. Qa2 Rxa4 32. Qxc4 Rxc4 33. Bf1 Ra6 34. Bxd3 exd3 35. Ke1 Ra1 36. Kd1 Kc7 37. Rb3 Rca4 38. Rb2 Kc6 39. Rb3 a5 40. Rb2 c4 0-1

[Event "Hivernal"]
[Site "Sherbrooke CAN"]
[Date "2008.03.16"]
[Round "5"]
[White "Allard dos Santos, Alexandre"]
[Black "Pilotte, Benoit"]
[Result "0-1"]
[WhiteElo "1070"]
[BlackElo "1799"]
[PlyCount "74"]
[GameId "2160767910413113"]
[EventDate "2008.03.14"]
[EventType "swiss"]
[EventRounds "5"]
[EventCountry "CAN"]
[SourceTitle "EXT 2011"]
[Source "ChessBase"]
[SourceDate "2011.11.26"]
[SourceVersion "1"]
[SourceVersionDate "2011.11.26"]
[SourceQuality "1"]

1. e4 c5 2. Nf3 d6 3. d4 cxd4 4. Nxd4 Nf6 5. Nc3 a6 6. b3 e5 7. Nf3 b5 8. Bb2 Bb7 9. Qd3 Nbd7 10. Rd1 Nc5 11. Qe2 Qa5 12. a3 Ncxe4 13. b4 Nxc3 14. bxa5 Nxe2 15. Bxe2 Rc8 16. c3 Nd5 17. Rc1 Nf4 18. g3 Bxf3 19. Bxf3 Nd3+ 20. Kd2 Nxb2 21. Be2 Be7 22. Rc2 Nc4+ 23. Bxc4 Rxc4 24. Rb1 Bd8 25. Ra2 Ra4 26. Rb4 Rxa5 27. c4 bxc4 28. Rxc4 Kd7 29. Kc3 d5 30. Rb4 Rc5+ 31. Kb3 Bc7 32. Rb7 Rb8 33. Rxb8 Bxb8 34. a4 Rc1 35. a5 Rb1+ 36. Ka4 Bd6 37. h4 d4 0-1

[Event "Hivernal"]
[Site "Sherbrooke CAN"]
[Date "2008.03.16"]
[Round "5"]
[White "Belanger, Christopher"]
[Black "Milan, Soskic"]
[Result "0-1"]
[WhiteElo "1399"]
[BlackElo "1357"]
[PlyCount "68"]
[GameId "2160767910413114"]
[EventDate "2008.03.14"]
[EventType "swiss"]
[EventRounds "5"]
[EventCountry "CAN"]

1. e4 e5 2. f4 Nc6 3. Nf3 Nf6 4. d3 Bc5 5. fxe5 Ng4 6. d4 Bb6 7. c3 d6 8. exd6 Qxd6 9. e5 Qe7 10. h3 Nh6 11. Be2 Bd7 12. Bg5 Qf8 13. O-O Nf5 14. Qe1 h6 15. Bd2 O-O-O 16. Nh4 Nxh4 17. Qxh4 g5 18. Qh5 Nxe5 19. Kh1 Ng6 20. Bd3 Qg7 21. Na3 c5 22. Nc4 Bc7 23. dxc5 Bc6 24. Nd6+ Bxd6 25. cxd6 Rxd6 26. Bc4 Rxd2 27. Rxf7 Bxg2+ 28. Kg1 Qe5 29. Rf2 Rxf2 30. Kxf2 Rf8+ 31. Kg1 Qe3+ 32. Kh2 Qf4+ 33. Kg1 Qf2+ 34. Kh2 Bf3# 0-1

[Event "Hivernal"]
[Site "Sherbrooke CAN"]
[Date "2008.03.16"]
[Round "5"]
[White "Duclos, Alain"]
[Black "Mitrovic, Igor"]
[Result "1-0"]
[WhiteElo "1760"]
[BlackElo "1495"]
[PlyCount "57"]
[GameId "2160767910413116"]
[EventDate "2008.03.14"]
[EventType "swiss"]
[EventRounds "5"]
[EventCountry "CAN"]
[SourceTitle "EXT 2011"]
[Source "ChessBase"]
[SourceDate "2011.11.26"]
[SourceVersion "1"]
[SourceVersionDate "2011.11.26"]
[SourceQuality "1"]

1. e4 e5 2. Nf3 Nc6 3. Bb5 a6 4. Ba4 Nf6 5. O-O Bc5 6. c3 b5 7. Bb3 d6 8. d4 Ba7 9. h3 h6 10. a4 O-O 11. axb5 axb5 12. Na3 Ba6 13. Re1 Bb6 14. Be3 Na5 15. dxe5 dxe5 16. Bxb6 Qxd1 17. Bxd1 cxb6 18. Nxe5 Rfe8 19. f4 Nxe4 20. Rxe4 f6 21. Bb3+ Nxb3 22. Rd1 fxe5 23. Rd6 Nc5 24. Rxe5 Rxe5 25. fxe5 Kf7 26. Rxb6 Nd7 27. e6+ Ke7 28. exd7 Kxd7 29. Rg6 1-0

[Event "Hivernal"]
[Site "Sherbrooke CAN"]
[Date "2008.03.16"]
[Round "5"]
[White "Echenberg, David"]
[Black "Valiquette, Simon"]
[Result "1-0"]
[WhiteElo "1246"]
[BlackElo "1434"]
[PlyCount "103"]
[GameId "2160767910413117"]
[EventDate "2008.03.14"]
[EventType "swiss"]
[EventRounds "5"]
[EventCountry "CAN"]
[SourceTitle "EXT 2011"]
[Source "ChessBase"]
[SourceDate "2011.11.26"]
[SourceVersion "1"]
[SourceVersionDate "2011.11.26"]
[SourceQuality "1"]

1. e4 c5 2. Nf3 d6 3. d4 cxd4 4. Nxd4 Nf6 5. Nc3 Nc6 6. Be2 e6 7. Be3 Be7 8. O-O a6 9. Nb3 b5 10. a3 O-O 11. f4 Re8 12. g4 Nd7 13. Kh1 Bb7 14. Rg1 f5 15. gxf5 exf5 16. Qd5+ Kh8 17. Qxf5 Bf6 18. Bf3 Rf8 19. Qe6 Bxc3 20. bxc3 Rf6 21. Qh3 Rh6 22. Qg3 Qe7 23. f5 Rf6 24. Bg5 Nce5 25. Nd2 Nxf3 26. Qxf3 Qe5 27. Bxf6 Nxf6 28. Rae1 Rc8 29. Re3 Kg8 30. Rge1 Rc7 31. Kg1 g6 32. Qg3 Qc5 33. Qg5 Nxe4 34. Nxe4 Bxe4 35. Qd8+ Kg7 36. f6+ Kf7 37. Kf1 Qf5+ 38. Kg1 Qg5+ 39. Rg3 Qc5+ 40. Rge3 Qg5+ 41. Rg3 Qc5+ 42. Ree3 d5 43. Qa8 Qb6 44. Qd8 Qc5 45. Kf1 Qc6 46. Ke1 Rd7 47. Qh8 Ke6 48. Rgf3 Rf7 49. Qg8 Qd7 50. Qa8 Qd6 51. Qe8+ Re7 52. Qxe7+ 1-0

[Event "Hivernal"]
[Site "Sherbrooke CAN"]
[Date "2008.03.16"]
[Round "5"]
[White "Roussel, Alexandre"]
[Black "Lepage Lepitre, Etienne"]
[Result "1-0"]
[WhiteElo "890"]
[BlackElo "1027"]
[PlyCount "61"]
[GameId "2160767910413118"]
[EventDate "2008.03.14"]
[EventType "swiss"]
[EventRounds "5"]
[EventCountry "CAN"]
[SourceTitle "EXT 2011"]
[Source "ChessBase"]
[SourceDate "2011.11.26"]
[SourceVersion "1"]
[SourceVersionDate "2011.11.26"]
[SourceQuality "1"]

1. e4 e5 2. Nf3 Nc6 3. Nc3 Nf6 4. Bc4 Bb4 5. Ng5 O-O 6. Nd5 Nxd5 7. Bxd5 Qxg5 8. O-O d6 9. d3 Qg6 10. a3 Bh3 11. Qf3 Bxg2 12. Qxg2 Qxg2+ 13. Kxg2 Ba5 14. b4 Bb6 15. b5 Nd4 16. c3 Nb3 17. Rb1 Nxc1 18. Rbxc1 Rac8 19. Bxb7 Rb8 20. Bc6 h5 21. Rfd1 f5 22. Bd5+ Kh7 23. exf5 Rxf5 24. Be4 Rbf8 25. Bxf5+ Rxf5 26. d4 exd4 27. cxd4 Rg5+ 28. Kf1 Rg4 29. f3 Rg1+ 30. Kxg1 c5 31. bxc6 1-0

[Event "Hivernal"]
[Site "Sherbrooke CAN"]
[Date "2008.03.16"]
[Round "5"]
[White "Thomsen, Gunther"]
[Black "Belanger, Priscillia"]
[Result "0-1"]
[WhiteElo "1100"]
[BlackElo "1046"]
[PlyCount "60"]
[GameId "2160767910413119"]
[EventDate "2008.03.14"]
[EventType "swiss"]
[EventRounds "5"]
[EventCountry "CAN"]
[SourceTitle "EXT 2011"]
[Source "ChessBase"]
[SourceDate "2011.11.26"]
[SourceVersion "1"]
[SourceVersionDate "2011.11.26"]
[SourceQuality "1"]

1. d4 d5 2. Nc3 Nc6 3. h4 Nf6 4. e3 Bd7 5. Be2 e6 6. a3 Be7 7. Bd2 O-O 8. Bf3 a6 9. Nge2 b5 10. e4 Nxe4 11. Nxe4 dxe4 12. Bxe4 Bf6 13. c3 Bxh4 14. g3 Bg5 15. Bxg5 Qxg5 16. Bxh7+ Kh8 17. Be4+ Kg8 18. Bxc6 Bxc6 19. Rh4 Bf3 20. Qd2 Qxd2+ 21. Kxd2 g5 22. Rh2 Rfe8 23. Rah1 Bxh1 24. Rxh1 e5 25. dxe5 Rxe5 26. f4 Rd5+ 27. Nd4 c5 28. Kc2 cxd4 29. cxd4 Rxd4 30. Rg1 f5 0-1

[Event "Hull CC - LEO ferme ch A"]
[Site "Gatineau CAN"]
[Date "2008.04.15"]
[Round "1"]
[White "Desjardins, Michel"]
[Black "Chartrand, Jean Bruno"]
[Result "1/2-1/2"]
[WhiteElo "1969"]
[BlackElo "1965"]
[PlyCount "39"]
[GameId "2160767910351103"]
[EventDate "2008.04.15"]
[EventType "tourn"]
[EventRounds "6"]
[EventCountry "CAN"]
[SourceTitle "EXT 2022"]
[Source "ChessBase"]
[SourceDate "2021.10.06"]
[SourceVersion "1"]
[SourceVersionDate "2021.10.06"]
[SourceQuality "1"]

1. e4 Nf6 2. Nc3 d5 3. e5 Nfd7 4. d4 e6 5. f4 c5 6. Nf3 Nc6 7. Be3 a6 8. Qd2 Be7 9. Bd3 b5 10. O-O b4 11. Nd1 f5 12. b3 Qb6 13. Qf2 cxd4 14. Nxd4 Nxd4 15. Bxd4 Qxd4 16. Qxd4 Bc5 17. Qxc5 Nxc5 18. Nb2 Bd7 19. Rfc1 Ke7 20. c4 1/2-1/2

[Event "Hull CC - LEO ferme ch A"]
[Site "Gatineau CAN"]
[Date "2008.04.15"]
[Round "1"]
[White "Szalay, Karoly"]
[Black "Brousseau, Yvan"]
[Result "0-1"]
[WhiteElo "2125"]
[BlackElo "2009"]
[PlyCount "58"]
[GameId "2160767910351104"]
[EventDate "2008.04.15"]
[EventType "tourn"]
[EventRounds "6"]
[EventCountry "CAN"]
[SourceTitle "EXT 2022"]
[Source "ChessBase"]
[SourceDate "2021.10.06"]
[SourceVersion "1"]
[SourceVersionDate "2021.10.06"]
[SourceQuality "1"]

1. e4 Nc6 2. d4 d5 3. e5 f6 4. f4 Bf5 5. Nf3 fxe5 6. fxe5 e6 7. c3 Qd7 8. Bb5 a6 9. Qa4 Nge7 10. Bg5 h6 11. Be3 O-O-O 12. Bxc6 Nxc6 13. Qd1 Be7 14. b4 g5 15. O-O g4 16. Ne1 Bg5 17. Bf4 Qh7 18. a4 Ne7 19. g3 Bxf4 20. Rxf4 h5 21. Ng2 Ng6 22. Nd2 Nxf4 23. Nxf4 h4 24. Nf1 hxg3 25. hxg3 Qh1+ 26. Kf2 Rh2+ 27. Nxh2 Qxh2+ 28. Kf1 Qxg3 29. Ne2 Bd3 0-1